Los malos pasos de Luis Pazos : economía para una dictadura de ultraderecha /
La intención de la obra es poner de manifiesto la ideología ultraderechista que está detrás de los planteamientos de Luis Pazos sobre la realidad económica de México. Dice el autor que la defensa de la globalización y el TLC -generadores únicamente de beneficios- que hace Pazos favorece los interese...
保存先:
| 第一著者: | |
|---|---|
| フォーマット: | 図書 |
| 言語: | スペイン語 |
| 出版事項: |
México :
Plaza y Valdés,
1998, c1998
|
| 主題: | |
| タグ: |
タグなし, このレコードへの初めてのタグを付けませんか!
|
MARC
| LEADER | 00000nam^a2200000^a^4500 | ||
|---|---|---|---|
| 001 | 000094927 | ||
| 005 | 20250521000000.0 | ||
| 009 | 20260310092852.096 | ||
| 020 | |a 968-856-610-1 | ||
| 037 | |a Acervo ITESO - Biblioteca | ||
| 041 | |a ESP | ||
| 082 | |a 330. 972063 |b FAR | ||
| 100 | |a Farías Hernández, José Antonio |e (autor) | ||
| 245 | 1 | 4 | |a Los malos pasos de Luis Pazos : |b economía para una dictadura de ultraderecha / |c J.A. Farías Hernández. |
| 264 | 4 | |a México : |b Plaza y Valdés, |c 1998, c1998 | |
| 300 | |a 150 p. | ||
| 336 | |a texto |b txt |2 rdacontenido | ||
| 337 | |a sin mediación |b n |2 rdamedio | ||
| 338 | |a volumen |b nc |2 rdasoporte | ||
| 520 | |a La intención de la obra es poner de manifiesto la ideología ultraderechista que está detrás de los planteamientos de Luis Pazos sobre la realidad económica de México. Dice el autor que la defensa de la globalización y el TLC -generadores únicamente de beneficios- que hace Pazos favorece los intereses de los grupos más poderosos y conservadores del país. | ||
| 649 | |a XX | ||
| 650 | |a Neoliberalismo - |z México | ||
| 650 | |a Neoliberalismo - |x Historia y Crítica | ||
| 650 | |a Economía - |z México | ||
| 650 | |a Pazos, Luis | ||
| 910 | |a Fondo General | ||
| 920 | |a Impresos - Libros | ||
| 930 | |a Colección General | ||
| 905 | |a 101 | ||
| 901 | |a 0500029876 |b IT1 |c ACC |u 20250521 | ||
| 902 | |a https://opac.biblio.iteso.mx/vufind/Record/000094927 | ||